Mortadelo y Filemón / (Registro nro. 11034)

Detalles MARC
000 -CABECERA
campo de control de longitud fija 01104cam a2200337 i 4500
001 - NÚMERO DE CONTROL
campo de control 0000574
003 - IDENTIFICADOR DEL NÚMERO DE CONTROL
campo de control DO-SdBPM
005 - FECHA Y HORA DE LA ÚLTIMA TRANSACCIÓN
campo de control 20260515121347.0
007 - CAMPO FIJO DE DESCRIPCIÓN FÍSICA--INFORMACIÓN GENERAL
campo de control de longitud fija ta
008 - DATOS DE LONGITUD FIJA--INFORMACIÓN GENERAL
campo de control de longitud fija 100514s 2005 sp a 000 f spa
015 ## - NÚMERO DE BIBLIOGRAFÍA NACIONAL
Número de bibliografía nacional
017 ## - NÚMERO DE COPYRIGHT O DE DEPÓSITO LEGAL
Número de copyright o de depósito legal
Agencia que asigna
020 ## - NÚMERO INTERNACIONAL ESTÁNDAR DEL LIBRO
Número Internacional Estándar del Libro 849650719X
Condiciones de disponibilidad
020 ## - NÚMERO INTERNACIONAL ESTÁNDAR DEL LIBRO
Número Internacional Estándar del Libro 849650719X (v. 1)
035 ## - NÚMERO DE CONTROL DEL SISTEMA
Número de control de sistema
040 ## - FUENTE DE LA CATALOGACIÓN
Centro catalogador/agencia de origen BPMSU
Lengua de catalogación spa
Centro/agencia transcriptor BPMSU
Normas de descripción
080 ## - NÚMERO DE LA CLASIFICACIÓN DECIMAL UNIVERSAL
Número de la Clasificación Decimal Universal
082 04 - NÚMERO DE LA CLASIFICACIÓN DECIMAL DEWEY
Número de clasificación 941.5946
Número de documento/Ítem A288m 2005
Número de edición 22
100 ## - ENTRADA PRINCIPAL--NOMBRE DE PERSONA
Nombre de persona aIbáñez, Francisco,
Fechas asociadas al nombre 1936-
Código de función/relación aut.
Término indicativo de función/relación autor
245 04 - MENCIÓN DE TÍTULO
Título Mortadelo y Filemón /
Mención de responsabilidad, etc. guión e ilustraciones de F. Ibáñez
Resto del título
260 ## - PUBLICACIÓN, DISTRIBUCIÓN, ETC.
Lugar de publicación, distribución, etc. España :
Nombre del editor, distribuidor, etc. Unidad editorial,
Fecha de publicación, distribución, etc. 2005.
300 ## - DESCRIPCIÓN FÍSICA
Extensión v. :
Otras características físicas il.
Dimensiones 22 m
490 0# - MENCIÓN DE SERIE
Mención de serie Biblioteca el mundo ;
-- Las mejores historietas del cómic español. antología de nuestros grandes personajes
500 ## - NOTA GENERAL
Nota general
505 0# - NOTA DE CONTENIDO CON FORMATO
Información miscelánea : El cacao espacial, -- Los kilociclos asesinos, Barcelona 92 y Los Superpoderes
Título
590 ## - NOTA LOCAL (RLIN)
Nota local Inventariado, 2026/VM
650 #7 - PUNTO DE ACCESO ADICIONAL DE MATERIA--TÉRMINO DE MATERIA
Término de materia o nombre geográfico como elemento de entrada Humorismo gráfico español.
650 #7 - PUNTO DE ACCESO ADICIONAL DE MATERIA--TÉRMINO DE MATERIA
Término de materia o nombre geográfico como elemento de entrada Aventuras
Subdivisión de forma Tiras cómicas, historietas, e
910 ## - DATOS DE OPCIÓN DEL USUARIO (OCLC)
Datos de opción del usuario VMateo V. Control de calidad. BPMSU
942 ## - ELEMENTOS DE PUNTO DE ACCESO ADICIONAL (KOHA)
Fuente del sistema de clasificación o colocación Dewey Decimal Classification
Tipo de ítem Koha Libros
Existencias
Estado de retiro Estado de pérdida Fuente del sistema de clasificación o colocación No para préstamo Código de colección Localización permanente Ubicación/localización actual Fecha de adquisición Fuente de adquisición Total de préstamos Signatura topográfica completa Código de barras Fecha visto por última vez Número de copia Precio válido a partir de Tipo de ítem Koha
    Dewey Decimal Classification   Colección Juvenil General Biblioteca Pública Metropolitana Salomé Ureña Biblioteca Pública Metropolitana Salomé Ureña 07/26/2016 FUNDI   BPMSU CJG 941.5946 A288m 2005 BPMSU16070662 07/26/2016 v.1 07/26/2016 Libros